[Event "4NCL Division 4 South"]
[Site "Reading, ENG"]
[Date "2018.05.05"]
[Round "9.96"]
[White "Faizi, Tariq"]
[Black "John, Joshua"]
[Result "0-1"]
[WhiteElo "1465"]
[BlackElo "1582"]
[PlyCount "102"]
[EventDate "2018.05.05"]

1. d4 Nf6 2. c4 e6 3. Nf3 b6 4. Nc3 Bb7 5. g3 d6 6. Bg2 Nbd7 7. O-O Be7 8. Re1
Ne4 9. Bf4 Ndf6 10. Qc2 O-O 11. Ng5 Nxg5 12. Bxb7 Nh3+ 13. Kg2 Nxf4+ 14. gxf4
Rb8 15. Bf3 d5 16. cxd5 exd5 17. h4 h5 18. Qf5 g6 19. Qh3 Ne4 20. e3 Nxc3 21.
bxc3 Qd6 22. Rg1 Kh7 23. Kh1 Rbd8 24. Rg3 Qf6 25. Qg2 Qf5 26. Rh3 Rfe8 27. Rg1
Bf6 28. Kh2 c5 29. Qf1 Qc2 30. Qe2 Qxe2 31. Bxe2 cxd4 32. Bb5 dxc3 33. Bxe8
Rxe8 34. Rc1 Rc8 35. Rc2 b5 36. Kg3 a5 37. Rh1 b4 38. Rb1 Rb8 39. f3 a4 40. f5
b3 41. axb3 axb3 42. Rg2 c2 43. Rbg1 gxf5 44. Kf4 b2 45. Rxc2 b1=Q 46. Rxb1
Rxb1 47. Kxf5 Bxh4 48. Rh2 Be7 49. Rxh5+ Kg7 50. Ke5 Rb3 51. Kxd5 Rb5+ 0-1

[Event "4NCL Division 4 South"]
[Site "Reading, ENG"]
[Date "2018.05.05"]
[Round "9.99"]
[White "Willmoth, Harrison"]
[Black "Cherupalli, Ramprasad"]
[Result "1-0"]
[WhiteElo "1892"]
[BlackElo "1937"]
[PlyCount "65"]
[EventDate "2018.05.05"]

1. d4 d5 2. Nf3 Nf6 3. Bf4 c6 4. Nc3 Bf5 5. e3 e6 6. Bd3 Ne4 7. O-O Bd6 8. Bxd6
Qxd6 9. Bxe4 Bxe4 10. Nxe4 dxe4 11. Ne5 O-O 12. f3 exf3 13. Qxf3 Nd7 14. Nxd7
Qxd7 15. c4 a5 16. Rfd1 Qe7 17. b3 a4 18. Rab1 axb3 19. axb3 Qb4 20. e4 Rfd8
21. Rf1 Rd7 22. Rbd1 Rad8 23. Kh1 f6 24. d5 exd5 25. exd5 cxd5 26. Rxd5 Qe7 27.
Rfd1 g6 28. Kg1 Kg7 29. Qd3 Rxd5 30. cxd5 Qc5+ 31. Kh1 Rd6 32. Qe4 Rb6 33. d6
1-0

[Event "4NCL Division 4 South"]
[Site "Reading, ENG"]
[Date "2018.05.05"]
[Round "9.99"]
[White "Bourne, Johnathan D"]
[Black "Kesterson, Kennan"]
[Result "1-0"]
[WhiteElo "1934"]
[BlackElo "1750"]
[PlyCount "81"]
[EventDate "2018.05.05"]

1. e4 e6 2. d4 d5 3. Nc3 Bb4 4. e5 c5 5. a3 Bxc3+ 6. bxc3 Ne7 7. h4 Qc7 8. h5
h6 9. Nf3 Nbc6 10. Rh4 b6 11. Rb1 cxd4 12. cxd4 Bb7 13. Rg4 O-O-O 14. Bd3 Rdg8
15. a4 Na5 16. Bd2 Nc4 17. a5 bxa5 18. Rb5 Nxd2 19. Qxd2 Nc6 20. Rc5 Qb6 21.
Bb5 Kb8 22. Bxc6 Bxc6 23. Qc3 Kb7 24. Nd2 a4 25. Rg3 g5 26. Rf3 Rg7 27. Qa3 a6
28. Rfc3 Rc8 29. Nb3 Kb8 30. Na5 Bd7 31. Rxc8+ Bxc8 32. Qxa4 Bd7 33. Qxd7 Qxa5
34. Qc8+ Ka7 35. Ke2 f5 36. exf6 Rb7 37. Rc5 Qb4 38. Rc7 Rxc7 39. Qxc7+ Ka8 40.
f7 Qb5+ 41. Kf3 1-0

[Event "4NCL Division 4 South"]
[Site "Reading, ENG"]
[Date "2018.05.05"]
[Round "9.99"]
[White "Sanfey, Gregor"]
[Black "O'Byrne, Daniel"]
[Result "1-0"]
[WhiteElo "1562"]
[BlackElo "1682"]
[PlyCount "83"]
[EventDate "2018.05.05"]

1. e4 c5 2. c3 Nf6 3. e5 Nd5 4. d4 cxd4 5. cxd4 Nc6 6. Nc3 Nxc3 7. bxc3 e6 8.
Nf3 d6 9. exd6 Bxd6 10. Bd3 Qa5 11. Bd2 h6 12. O-O O-O 13. Re1 Bd7 14. Qc2 Rac8
15. Rab1 Nb4 16. cxb4 Qh5 17. Qd1 f5 18. Ne5 Qh4 19. g3 Qxd4 20. Nxd7 Rfd8 21.
Qb3 Kh8 22. Nc5 Bxc5 23. bxc5 Qxd3 24. Qxd3 Rxd3 25. Be3 Rc7 26. Bf4 Rxc5 27.
Rxb7 Rdd5 28. Rxe6 Rb5 29. Rxb5 Rxb5 30. Be5 Kg8 31. Re7 g5 32. Bg7 h5 33. Rxa7
f4 34. Bf6 f3 35. h3 Rd5 36. Ra3 g4 37. Ra8+ Kf7 38. Rd8 Ra5 39. hxg4 hxg4 40.
Rd4 Rxa2 41. Rxg4 Kxf6 42. Rf4+ 1-0

[Event "4NCL Division 4 South"]
[Site "Reading, ENG"]
[Date "2018.05.05"]
[Round "9.99"]
[White "Headlong, Benjamin"]
[Black "Angelopoulos, Andreas"]
[Result "1-0"]
[WhiteElo "1727"]
[BlackElo "1532"]
[PlyCount "56"]
[EventDate "2018.05.05"]

1. e4 c5 2. Nf3 d6 3. c3 Nf6 4. h3 Nxe4 5. Qa4+ Nd7 6. Qxe4 Nf6 7. Bb5+ Nd7 8.
O-O a6 9. Bxd7+ Qxd7 10. d4 cxd4 11. cxd4 f5 12. Qd3 b5 13. Re1 h6 14. Nh4 g5
15. Ng6 Rg8 16. Nxf8 Kxf8 17. Nc3 Bb7 18. d5 Kf7 19. Re6 Ke8 20. Qxf5 Kd8 21.
Qf7 Re8 22. a3 Rc8 23. Be3 Qc7 24. Re4 Rb8 25. Rc1 Qa5 26. Re1 Bc8 27. Bb6+
Qxb6 28. Rxe7 Bd7 1-0

[Event "4NCL Division 4 South"]
[Site "Reading, ENG"]
[Date "2018.05.05"]
[Round "9.99"]
[White "Angelopoulos, Nicos"]
[Black "Williams, R Gareth"]
[Result "0-1"]
[WhiteElo "1478"]
[BlackElo "1727"]
[PlyCount "72"]
[EventDate "2018.05.05"]

1. e4 d5 2. Nc3 d4 3. Nce2 e5 4. b3 Be6 5. Bb2 Nd7 6. f4 f6 7. Nf3 Bd6 8. fxe5
fxe5 9. c3 c5 10. c4 h5 11. d3 Nh6 12. Bc1 Be7 13. h3 a5 14. Ng3 h4 15. Ne2 Rf8
16. Bxh6 gxh6 17. Qd2 Bg5 18. Nxg5 hxg5 19. Ng1 Qf6 20. O-O-O Qf4 21. Nf3 Rg8
22. Be2 a4 23. Kb2 Qxd2+ 24. Rxd2 Ke7 25. Nh2 Nf6 26. Ng4 Nxg4 27. Bxg4 axb3
28. axb3 Bxg4 29. hxg4 Rgf8 30. g3 Ra7 31. gxh4 Rfa8 32. Rdd1 Ra2+ 33. Kc1 Ra1+
34. Kd2 R8a2+ 35. Ke1 Rxd1+ 36. Kxd1 Ra1+ 0-1

[Event "4NCL Division 4 South"]
[Site "Reading, ENG"]
[Date "2018.05.05"]
[Round "9.99"]
[White "Thooran, Kavin"]
[Black "Sezer, Steve"]
[Result "1-0"]
[WhiteElo "1367"]
[BlackElo "1510"]
[PlyCount "129"]
[EventDate "2018.05.05"]

1. e4 c5 2. c3 e6 3. d4 d5 4. exd5 Qxd5 5. Nf3 Nc6 6. Be3 c4 7. Nbd2 b5 8. a4
Ba6 9. Be2 Nf6 10. O-O Ne4 11. Nxe4 Qxe4 12. Ng5 Qd5 13. Bf3 Qd7 14. Be4 Be7
15. Qf3 Bb7 16. axb5 Nd8 17. Bxb7 Qxb7 18. Qxb7 Nxb7 19. b6 a6 20. Ra4 Bd8 21.
Rfa1 a5 22. Rxc4 Bxb6 23. Rca4 O-O 24. b4 Rfc8 25. Rb1 Nd6 26. bxa5 Rxa5 27.
Rab4 Nc4 28. Bf4 Rca8 29. Rxc4 Bd8 30. Nf3 Ra1 31. Rcb4 Be7 32. Rb8+ Bd8 33. h3
Rxb8 34. Rxa1 Rc8 35. Rc1 f6 36. c4 Be7 37. c5 e5 38. dxe5 fxe5 39. Nxe5 Rxc5
40. Rxc5 Bxc5 41. Kf1 Bd6 42. Nd3 Be7 43. Ke2 Kf8 44. Ke3 Bd8 45. f3 Bh4 46.
Nc5 Ke7 47. Ne4 Ke6 48. Ng5+ Bxg5 49. Bxg5 Kf5 50. h4 h6 51. Bxh6 gxh6 52. g4+
Kf6 53. f4 Ke6 54. Ke4 h5 55. g5 Kf7 56. Kf5 Kg7 57. Ke6 Kf8 58. f5 Kg8 59. Ke7
Kg7 60. f6+ Kg8 61. f7+ Kh8 62. f8=Q+ Kh7 63. Qh6+ Kg8 64. Qxh5 Kg7 65. g6 1-0

[Event "4NCL Division 4 South"]
[Site "Reading, ENG"]
[Date "2018.05.05"]
[Round "9.99"]
[White "Smith, Steve"]
[Black "Wolstenholme, Otis"]
[Result "1/2-1/2"]
[WhiteElo "1821"]
[BlackElo "1277"]
[PlyCount "105"]
[EventDate "2018.05.05"]

1. e4 e6 2. d4 d5 3. e5 c5 4. c3 Qb6 5. Nf3 Nc6 6. a3 Nh6 7. b4 cxd4 8. cxd4
Nf5 9. Bb2 Bd7 10. g4 Nh6 11. h3 Be7 12. Be2 f6 13. O-O fxe5 14. dxe5 Nf7 15.
Nc3 a6 16. Rc1 Na7 17. Na4 Qd8 18. Nc5 Bxc5 19. Rxc5 Nc6 20. Qd2 h6 21. Bd3 Ne7
22. Bb1 h5 23. g5 Bc6 24. Re1 Rg8 25. Nd4 Bd7 26. f4 g6 27. Kg2 Nf5 28. Nxf5
gxf5 29. Kf2 Bc6 30. Bd4 Qe7 31. Bd3 Kd7 32. Rec1 Kd8 33. Be2 h4 34. R5c3 Nh8
35. Bb6+ Ke8 36. Bh5+ Kd7 37. a4 Qxb4 38. a5 Ng6 39. Bxg6 Rxg6 40. Rd3 40...
Qxd2+ $11 41. Rxd2 Rc8 42. Rdc2 Rh8 43. Ke3 Rc8 44. Kd4 Ke8 45. Rc3 Kd7 46. Bc5
Rh8 47. Bd6 Rc8 48. Kc5 48... Rgg8 $11 49. Kb6 Rg6 50. Bc5 Rgg8 51. Bf2 Rh8 52.
Bd4 Rhg8 53. Bf2 1/2-1/2

[Event "4NCL Division 4 South"]
[Site "Reading, ENG"]
[Date "2018.05.05"]
[Round "9.99"]
[White "Carter, Gavin"]
[Black "Eckert, Jonathan"]
[Result "0-1"]
[WhiteElo "1270"]
[BlackElo "1840"]
[PlyCount "92"]
[EventDate "2018.05.05"]

1. c4 f5 2. Nf3 Nf6 3. e3 e6 4. d4 Be7 5. Nc3 O-O 6. d5 Ne4 7. dxe6 Nxc3 8.
bxc3 dxe6 9. Qxd8 Rxd8 10. Be2 Nd7 11. a4 Bf6 12. Bb2 Nc5 13. O-O Bd7 14. Nd4
e5 15. Nb5 c6 16. Nd6 Be6 17. Rfd1 Rd7 18. a5 Rad8 19. Ba3 b6 20. axb6 axb6 21.
Rab1 Na4 22. Bb4 c5 23. Ra1 Nb2 24. Rd2 cxb4 25. Rxb2 bxc3 26. Rxb6 Rxd6 27.
Rxd6 Rxd6 28. f3 Rd2 29. Kf2 Bxc4 30. Rc1 Rxe2+ 31. Kg3 Rxe3 32. h3 g5 33. Kf2
Re2+ 34. Kg3 e4 35. fxe4 Be5+ 36. Kf3 fxe4+ 37. Kg4 c2 38. g3 Bb2 39. Rxc2 Rxc2
40. Kxg5 Rf2 41. Kh4 e3 42. g4 e2 43. g5 e1=Q 44. g6 Rg2+ 45. Kh5 Qe5+ 46. Kh4
Qg5# 0-1

[Event "4NCL Division 4 South"]
[Site "Reading, ENG"]
[Date "2018.05.05"]
[Round "9.99"]
[White "Hurley, Jake"]
[Black "Eedle, Eric F"]
[Result "1-0"]
[WhiteElo "1698"]
[BlackElo "1292"]
[PlyCount "111"]
[EventDate "2018.05.05"]

1. e4 e6 2. b3 d5 3. Bb2 dxe4 4. Nc3 Nf6 5. Qe2 Bd7 6. g4 h6 7. Bg2 Bc6 8.
O-O-O Nbd7 9. h4 Be7 10. g5 hxg5 11. hxg5 Rxh1 12. Bxh1 Nh7 13. g6 Ng5 14.
gxf7+ Nxf7 15. Nxe4 e5 16. d4 Bg5+ 17. Kb1 Qe7 18. d5 Bxd5 19. Rxd5 O-O-O 20.
Nxg5 Qxg5 21. Nf3 Qh5 22. Qd1 c6 23. Rd2 Nf6 24. Rxd8+ Nxd8 25. Bxe5 Ne4 26.
Bg2 Qg4 27. Qf1 Qxf3 28. Bxf3 Nd2+ 29. Kb2 Nxf1 30. Bf4 Ne6 31. Bg4 Kd7 32. Kc3
Ke7 33. Bxe6 Kxe6 34. Kd3 Kd5 35. Bb8 a6 36. Ke2 Ke4 37. c3 g5 38. f3+ Kf5 39.
Kxf1 g4 40. Kf2 gxf3 41. Kxf3 Ke6 42. Ke4 b5 43. b4 Kd7 44. Kd4 Kc8 45. Be5 Kb7
46. Kc5 a5 47. bxa5 Ka6 48. Bc7 Kb7 49. Bb6 Ka6 50. a3 Kb7 51. Bd8 Ka6 52. Kxc6
b4 53. axb4 Ka7 54. Kd7 Ka6 55. c4 Ka7 56. c5 1-0

[Event "4NCL Division 4 South"]
[Site "Reading, ENG"]
[Date "2018.05.05"]
[Round "9.99"]
[White "Wolstenholme, Scarlet"]
[Black "Melsom, Jonathan T"]
[Result "0-1"]
[WhiteElo "1255"]
[BlackElo "1735"]
[PlyCount "62"]
[EventDate "2018.05.05"]

1. d4 e6 2. c4 f5 3. Nf3 Nf6 4. g3 Be7 5. Bg2 O-O 6. O-O c5 7. Bf4 d6 8. Nc3
cxd4 9. Nb5 e5 10. Bg5 a6 11. Na3 Nc6 12. Qb3 Na5 13. Qa4 Bd7 14. Qd1 h6 15.
Bd2 Nc6 16. Nh4 Qe8 17. Bxc6 bxc6 18. Qc2 Ne4 19. Qc1 Bxh4 20. gxh4 c5 21. f3
Nxd2 22. Qxd2 Qh5 23. Rf2 Qxh4 24. Rg2 Rf6 25. e4 f4 26. Qa5 Bh3 27. Rd2 Rg6+
28. Kh1 Qg5 29. Qa4 Bg2+ 30. Kg1 Bxf3+ 31. Kf1 Qg1# 0-1

[Event "4NCL Division 4 South"]
[Site "Reading, ENG"]
[Date "2018.05.05"]
[Round "9.99"]
[White "Parry, Samuel"]
[Black "Carter, Rebecca"]
[Result "1-0"]
[WhiteElo "1577"]
[BlackElo "1187"]
[PlyCount "37"]
[EventDate "2018.05.05"]

1. d4 Nf6 2. Bg5 d5 3. Bxf6 gxf6 4. c4 c6 5. e3 Bf5 6. Nc3 e5 7. dxe5 fxe5 8.
cxd5 Bb4 9. dxc6 Nxc6 10. Nge2 Qa5 11. a3 Rd8 12. Qb3 e4 13. Rc1 Bxc3+ 14. Qxc3
Qd5 15. Qxh8+ Ke7 16. Qc3 Bg4 17. Qc5+ Qxc5 18. Rxc5 Kf6 19. h3 1-0

[Event "4NCL Division 4 South"]
[Site "Reading, ENG"]
[Date "2018.05.05"]
[Round "9.99"]
[White "Sheng, Benjamin"]
[Black "Davies, Merlin"]
[Result "0-1"]
[WhiteElo "1112"]
[BlackElo "1592"]
[PlyCount "80"]
[EventDate "2018.05.05"]

1. e4 e6 2. d4 c6 3. Nc3 d5 4. exd5 cxd5 5. Nf3 Nc6 6. g3 Bb4 7. Bg2 Bxc3+ 8.
bxc3 Bd7 9. O-O Nf6 10. Ba3 Ne4 11. Qd3 Qa5 12. c4 dxc4 13. Qxe4 Qxa3 14. d5
Na5 15. Ne5 Qd6 16. Nxc4 Nxc4 17. Qxc4 Rc8 18. Qd4 O-O 19. c3 e5 20. Qxa7 Ra8
21. Qe3 f5 22. f4 e4 23. Rfd1 Ba4 24. Rd2 Bb3 25. Qd4 Ra4 26. c4 Bxc4 27. Qb2
b5 28. Bf1 Bxf1 29. Rxf1 b4 30. Rd4 Qb6 31. Rb1 Rc8 32. Kg2 Rxa2 33. Qxa2 Qxd4
34. d6+ Kf8 35. Qb3 Qd2+ 36. Kh3 Rc2 37. Rh1 Qg2+ 38. Kh4 h6 39. d7 Qxh2+ 40.
Rxh2 Rxh2# 0-1

[Event "4NCL Division 4 South"]
[Site "Reading, ENG"]
[Date "2018.05.05"]
[Round "9.99"]
[White "Heard, Andrew H"]
[Black "Jaufarally, Nadia"]
[Result "0-1"]
[WhiteElo "1880"]
[BlackElo "1853"]
[PlyCount "56"]
[EventDate "2018.05.05"]

1. d4 Nf6 2. c4 g6 3. Nc3 Bg7 4. e4 d6 5. Nf3 O-O 6. h3 e5 7. Be3 Nc6 8. d5 Ne7
9. Bd3 Ne8 10. Qd2 f5 11. Bh6 Nf6 12. O-O-O a6 13. Kb1 Bd7 14. Bxg7 Kxg7 15.
Bc2 b5 16. c5 b4 17. cxd6 cxd6 18. Na4 Bxa4 19. Bxa4 Nxe4 20. Qxb4 Rb8 21. Qe1
Qb6 22. Bb3 Qxf2 23. Ng5 Qxe1 24. Ne6+ Kf6 25. Rhxe1 Rfc8 26. Ka1 Nc5 27. Nxc5
Rxc5 28. Rc1 Rbc8 0-1

[Event "4NCL Division 4 South"]
[Site "Reading, ENG"]
[Date "2018.05.05"]
[Round "9.99"]
[White "Sheikh, Nasarullah"]
[Black "Gazes, Matthew"]
[Result "0-1"]
[WhiteElo "1692"]
[BlackElo "1782"]
[PlyCount "88"]
[EventDate "2018.05.05"]

1. e4 Nf6 2. e5 Nd5 3. d4 d6 4. Nf3 dxe5 5. Nxe5 c6 6. Be2 Bf5 7. O-O Nd7 8.
Nd3 e6 9. c4 N5f6 10. Nc3 Bd6 11. Be3 O-O 12. g4 Bg6 13. f4 Qe7 14. Ne5 Rfd8
15. Nxg6 hxg6 16. g5 Ne8 17. Qc2 Rac8 18. Rf3 Bb8 19. h4 Nd6 20. Rh3 Nf5 21.
Bf2 Bxf4 22. Rf1 Nb6 23. Qe4 Bb8 24. Qg4 c5 25. h5 cxd4 26. Ne4 Nxc4 27. Bxc4
Rxc4 28. h6 Rcc8 29. Kg2 Be5 30. hxg7 Kxg7 31. Rfh1 Rh8 32. Nd2 Qd7 33. Nf3 Qd5
34. Rxh8 Rxh8 35. Rxh8 Kxh8 36. b3 d3 37. Qb4 Bd6 38. Qc3+ Kg8 39. Qc8+ Kg7 40.
Qc3+ Kg8 41. Qc8+ Bf8 42. Qc3 e5 43. Qc4 Qxc4 44. bxc4 e4 0-1

[Event "4NCL Division 4 South"]
[Site "Reading, ENG"]
[Date "2018.05.05"]
[Round "9.99"]
[White "McKenna, John R"]
[Black "Sheikh, Anum"]
[Result "0-1"]
[WhiteElo "1645"]
[BlackElo "1605"]
[PlyCount "92"]
[EventDate "2018.05.05"]

1. Nf3 f5 2. d4 Nf6 3. g3 g6 4. Bg2 Bg7 5. O-O O-O 6. Nbd2 d6 7. c3 Qe8 8. Qb3+
Kh8 9. Ng5 Nc6 10. d5 Nd8 11. e4 h6 12. Ne6 Nxe6 13. dxe6 fxe4 14. Nxe4 Nxe4
15. Bxe4 Rf6 16. Be3 Rxe6 17. Bd5 Rf6 18. Bd4 Rf8 19. Bxg7+ Kxg7 20. Rae1 Bh3
21. Bg2 Bxg2 22. Kxg2 Qc6+ 23. Kg1 e5 24. Qc2 Rae8 25. Re4 d5 26. Rg4 e4 27.
Qd2 Qe6 28. Rf4 Rxf4 29. Qxf4 c5 30. Qc7+ Qe7 31. Qxe7+ Rxe7 32. Rd1 Rd7 33.
Re1 Kf6 34. f3 exf3 35. Kf2 Re7 36. Rd1 Re2+ 37. Kxf3 Rxb2 38. Rxd5 Rxa2 39.
Rxc5 Rxh2 40. Rc7 Rb2 41. c4 a5 42. Rc5 a4 43. Ra5 Rb3+ 44. Kg2 a3 45. Kh3 g5
46. Kg4 Kg6 0-1

[Event "4NCL Division 4 South"]
[Site "Reading, ENG"]
[Date "2018.05.05"]
[Round "9.99"]
[White "Kilcline, Jenny"]
[Black "Lettington, David"]
[Result "0-1"]
[WhiteElo "1574"]
[BlackElo "1643"]
[PlyCount "98"]
[EventDate "2018.05.05"]

1. e4 d5 2. e5 c5 3. c3 Bf5 4. d4 e6 5. Nf3 c4 6. b3 b5 7. a4 Qa5 8. Bb2 Nd7 9.
axb5 Qxb5 10. Nbd2 h6 11. Qc1 Nb6 12. Be2 Ne7 13. Ba3 a5 14. Bc5 Ng6 15. Bxb6
Qxb6 16. bxc4 Nf4 17. Kf1 Nxe2 18. Kxe2 dxc4 19. Nxc4 19... Qb5 $11 20. Nfd2 a4
21. Rd1 Rc8 22. Ke1 Rxc4 23. Ra2 Rc8 24. c4 Qa5 25. Kf1 Be7 26. Nf3 O-O 27. d5
exd5 28. Rxd5 Qxd5 29. cxd5 Rxc1+ 30. Ke2 Rc2+ 31. Rxc2 Bxc2 32. Kd2 Bb3 33. d6
Rd8 34. Nd4 Bxd6 35. Nc6 Bb4+ 36. Ke3 Bc5+ 37. Kf4 Rd4+ 38. Nxd4 Bxd4 39. Ke4
Bxe5 40. Kxe5 a3 41. Kf5 a2 42. f4 a1=Q 43. Kg4 Qd1+ 44. Kh4 Be6 45. h3 g5+ 46.
fxg5 hxg5+ 47. Kxg5 Qd2+ 48. Kh5 Qxg2 49. Kh6 Qg6# 0-1

[Event "4NCL Division 4 South"]
[Site "Reading, ENG"]
[Date "2018.05.05"]
[Round "9.99"]
[White "Ellis, Bryan Timothy"]
[Black "Jaufarally, Mohammud"]
[Result "0-1"]
[WhiteElo "1317"]
[BlackElo "1540"]
[PlyCount "96"]
[EventDate "2018.05.05"]

1. d4 d5 2. Nf3 Nf6 3. e3 Bf5 4. b3 e6 5. Nbd2 Nbd7 6. Ne5 Nxe5 7. dxe5 Nd7 8.
f4 Be7 9. Bd3 Bxd3 10. cxd3 Nf8 11. O-O Ng6 12. Qg4 Qd7 13. f5 h5 14. fxe6 Qxe6
15. Qxe6 fxe6 16. Rf3 Nxe5 17. Rg3 Nxd3 18. Rxg7 Bf6 19. Rxc7 Bxa1 20. Ba3 Bf6
21. Rxb7 Rg8 22. Nf3 Rg7 23. Rb5 Rc7 24. Kf1 Rc2 25. b4 Rxa2 26. Ne1 Rxa3 27.
Nxd3 Rxd3 28. Ke2 Rb3 29. Kf3 a5 30. Rb6 Rxb4 31. Rc6 Kd7 32. Rc2 a4 33. Ke2 a3
34. Ra2 Rb2+ 35. Rxb2 axb2 36. Kf3 e5 37. Kg3 Ke6 38. Kh3 Kf5 39. g3 Ke4 40. g4
hxg4+ 41. Kxg4 Kxe3 42. Kf5 Rf8 43. Kg6 Kf4 44. h4 Bxh4 45. Kg7 Ra8 46. Kg6
Ra6+ 47. Kh5 Rb6 48. Kxh4 Rh6# 0-1

[Event "4NCL Division 4 South"]
[Site "Reading, ENG"]
[Date "2018.05.05"]
[Round "9.99"]
[White "Kilcline, Declan A"]
[Black "Couchman, Andrew"]
[Result "1-0"]
[WhiteElo "1434"]
[BlackElo "1126"]
[PlyCount "73"]
[EventDate "2018.05.05"]

1. e4 d5 2. exd5 Qxd5 3. Nc3 Qa5 4. Bc4 c6 5. d3 Nf6 6. Bd2 Qc7 7. Nge2 Bf5 8.
Ng3 Bg6 9. Nce2 h6 10. O-O e6 11. Nf4 Bh7 12. Re1 Be7 13. Bxe6 fxe6 14. Nxe6
Qc8 15. Nxg7+ Kd8 16. Ne6+ Kd7 17. Bc3 Re8 18. Ng7 Rg8 19. Rxe7+ Kxe7 20. Qe2+
Kf7 21. N3h5 Rxg7 22. Nxg7 Kxg7 23. Qe7+ Kg8 24. Qxf6 Qf8 25. Qh8+ Kf7 26.
Qxh7+ Ke6 27. Re1+ Kd6 28. Qg6+ Kc7 29. Ba5+ b6 30. Re8 Qd6 31. Qf7+ Nd7 32.
Rxa8 bxa5 33. Rxa7+ Kd8 34. Qg8+ Nf8 35. Ra8+ Kc7 36. Rxf8 Qe7 37. Rf7 1-0

[Event "4NCL Division 4 South"]
[Site "Reading, ENG"]
[Date "2018.05.05"]
[Round "9.99"]
[White "Karas, Eugenia"]
[Black "Thatte, Nishchal"]
[Result "0-1"]
[WhiteElo "1457"]
[BlackElo "1723"]
[PlyCount "60"]
[EventDate "2018.05.05"]

1. e4 e5 2. Nf3 Nc6 3. d4 exd4 4. Bc4 Nf6 5. e5 d5 6. Bb5 Nd7 7. Bxc6 bxc6 8.
Nxd4 Bb7 9. O-O c5 10. Nf3 Be7 11. Re1 O-O 12. Qe2 Re8 13. e6 fxe6 14. Qxe6+
Kh8 15. Ne5 Nxe5 16. Rxe5 Bf6 17. Qg4 Rxe5 18. Qd1 Qe7 19. Bd2 Re8 20. Na3 Re6
21. Rb1 Bxb2 22. Nb5 a6 23. Nxc7 Qxc7 24. Rxb2 Qe5 25. Rb1 Qe2 26. Qc1 Rf8 27.
Be1 a5 28. h3 Ba6 29. Qf4 Rxf4 30. Rb8+ Re8 0-1

[Event "4NCL Division 4 South"]
[Site "Reading, ENG"]
[Date "2018.05.05"]
[Round "9.99"]
[White "Pack, James"]
[Black "Lustigman, Tao"]
[Result "1-0"]
[WhiteElo "1690"]
[BlackElo "1334"]
[PlyCount "63"]
[EventDate "2018.05.05"]

1. Nf3 Nf6 2. c4 g6 3. g3 Bg7 4. Bg2 d6 5. Nc3 O-O 6. O-O c5 7. d4 Nfd7 8. e4
Nc6 9. Be3 a6 10. Qd2 Rb8 11. Rfd1 Na5 12. Bf1 Qc7 13. Nd5 Qd8 14. Rac1 b6 15.
Bh6 Bb7 16. Bxg7 Kxg7 17. Qg5 f6 18. Qg4 Bxd5 19. cxd5 b5 20. dxc5 dxc5 21. d6
e5 22. Nh4 Kh8 23. Ng2 f5 24. exf5 Rxf5 25. Bd3 Rf6 26. Nh4 Qe8 27. Be4 Rb6 28.
b4 cxb4 29. Rc7 Rbxd6 30. Rxd7 Rxd1+ 31. Qxd1 Rf7 32. Rd8 1-0

[Event "4NCL Division 4 South"]
[Site "Reading, ENG"]
[Date "2018.05.05"]
[Round "9.99"]
[White "Savas, Stoica M"]
[Black "Norman, Dinah M"]
[Result "1/2-1/2"]
[WhiteElo "1330"]
[BlackElo "1697"]
[PlyCount "35"]
[EventDate "2018.05.05"]

1. e4 d5 2. exd5 Qxd5 3. Nc3 Qa5 4. d4 Nf6 5. Nf3 c6 6. Bc4 Bf5 7. Bd2 Qd8 8.
O-O e6 9. Qe2 Be7 10. Bf4 O-O 11. Rad1 Nd5 12. Nxd5 cxd5 13. Bd3 Bxd3 14. Qxd3
Nc6 15. c3 a6 16. b3 Rc8 17. b4 Bf6 18. Rfe1 1/2-1/2

[Event "4NCL Division 4 South"]
[Site "Reading, ENG"]
[Date "2018.05.05"]
[Round "9.99"]
[White "Rowles, Sarah"]
[Black "Agnihotri, Aaryan"]
[Result "0-1"]
[WhiteElo "1506"]
[BlackElo "1352"]
[PlyCount "30"]
[EventDate "2018.05.05"]

1. d4 d5 2. e3 Nc6 3. Nf3 Nf6 4. c4 e6 5. Nc3 Be7 6. Bd2 b6 7. Rc1 O-O 8. cxd5
exd5 9. Bb5 Bb7 10. O-O Qd6 11. a3 Ng4 12. Qe2 Qh6 13. e4 Qh5 14. Bf4 Bg5 15.
Bxg5 Nxd4 0-1

[Event "4NCL Division 4 South"]
[Site "Reading, ENG"]
[Date "2018.05.05"]
[Round "9.99"]
[White "Willmoth, Kate"]
[Black "Mellor, Jessica"]
[Result "0-1"]
[WhiteElo "1373"]
[BlackElo "1457"]
[PlyCount "44"]
[EventDate "2018.05.05"]

1. e4 e5 2. Nf3 Nc6 3. Nc3 Nf6 4. Bb5 d6 5. d3 Be7 6. Bg5 h6 7. Bh4 a6 8. Ba4
Be6 9. Bxc6+ bxc6 10. d4 exd4 11. Nxd4 c5 12. Nc6 Qd7 13. Nxe7 Qxe7 14. Qf3 g5
15. O-O-O Bg4 16. Nd5 Bxf3 17. Nxe7 Bxd1 18. Rxd1 Kxe7 19. Bg3 Nh5 20. Rd3 Nxg3
21. Rxg3 Rae8 22. Re3 Kd7 0-1

[Event "4NCL Division 4 South"]
[Site "Reading, ENG"]
[Date "2018.05.05"]
[Round "9.136"]
[White "Thatte, Nilesh"]
[Black "Agnihotri, Akaash"]
[Result "1-0"]
[WhiteElo "1211"]
[BlackElo "1337"]
[PlyCount "57"]
[EventDate "2018.05.05"]
[WhiteTeam "Iceni 3"]
[BlackTeam "Barnet Knights 3"]

1. e4 e5 2. Nf3 Nc6 3. d4 d6 4. d5 Nb8 5. Nc3 Nf6 6. Bg5 Be7 7. h3 O-O 8. Be2
Nxd5 9. Nxd5 Bxg5 10. Nxg5 Qxg5 11. Nxc7 Qxg2 12. Bf3 Qg5 13. Nxa8 Nc6 14. Nc7
d5 15. Nxd5 Nd4 16. c3 Bxh3 17. cxd4 Bg2 18. Rg1 Bxf3 19. Rxg5 Bxd1 20. Rxd1 f6
21. Rg3 exd4 22. Rxd4 Re8 23. Nxf6+ Kf7 24. Nxe8 Kxe8 25. Rxg7 b5 26. Rdd7 a5
27. Ra7 Kf8 28. Rgb7 Kg8 29. Ra8# 1-0

[Event "4NCL Division 4 South"]
[Site "Reading, ENG"]
[Date "2018.05.05"]
[Round "9.99"]
[White "Bin-Suhayl, Ieysaa"]
[Black "Tombolis, Christopher"]
[Result "1-0"]
[WhiteElo "2029"]
[BlackElo "1853"]
[PlyCount "71"]
[EventDate "2018.05.05"]

1. Nf3 Nf6 2. c4 e6 3. g3 d5 4. Bg2 Be7 5. d4 O-O 6. O-O dxc4 7. Ne5 c5 8. dxc5
Qc7 9. Nxc4 Rd8 10. Qb3 Nc6 11. e3 Bxc5 12. Nc3 a6 13. Na4 Nd7 14. Nxc5 Nxc5
15. Qa3 Na7 16. b3 Nb5 17. Qa5 Rb8 18. Qxc7 Nxc7 19. Ba3 b5 20. Bxc5 bxc4 21.
Ba7 Rb4 22. Rfd1 Bd7 23. Bc5 Rb5 24. Be7 Re8 25. Rxd7 Nd5 26. bxc4 Nb6 27. cxb5
Nxd7 28. bxa6 Rxe7 29. Rb1 g6 30. a7 Nb6 31. Bb7 Rxb7 32. a8=Q+ Nxa8 33. Rxb7
Kg7 34. a4 Kf6 35. a5 Ke5 36. Ra7 1-0

[Event "4NCL Division 4 South"]
[Site "Reading, ENG"]
[Date "2018.05.05"]
[Round "9.99"]
[White "Cowan, Xavier"]
[Black "McMahon, Paul"]
[Result "1/2-1/2"]
[WhiteElo "1697"]
[BlackElo "1931"]
[PlyCount "162"]
[EventDate "2018.05.05"]

1. d4 Nf6 2. c4 e5 3. d5 Bc5 4. Nc3 d6 5. e3 Bf5 6. Bd3 e4 7. Bb1 Nbd7 8. Nge2
Qe7 9. Ng3 Bg6 10. a3 Bb6 11. b4 a5 12. Bb2 O-O 13. O-O Ne5 14. Qb3 Nd3 15.
Bxd3 exd3 16. Rfe1 h5 17. Rad1 Ng4 18. h3 Ne5 19. Na2 h4 20. Nf1 Qg5 21. Bxe5
Qxe5 22. Nc1 a4 23. Qa2 Qc3 24. Nd2 Bh5 25. Nb1 Qc2 26. Rxd3 Qxa2 27. Nxa2 Bg6
28. Rc3 Rfe8 29. Nd2 Bd4 30. Rcc1 Bb2 31. Rc3 Bxc3 32. Nxc3 f6 33. e4 f5 34. f3
Kf7 35. Kf2 Kf6 36. Ke3 Bf7 37. b5 g5 38. Kd4 g4 39. fxg4 fxg4 40. hxg4 Kg5 41.
Rf1 Bg6 42. Nf3+ Kxg4 43. Rh1 Rh8 44. Rh3 Rae8 45. Nh2+ Kf4 46. Ne2+ Kg5 47.
Nf3+ Kf6 48. Nc3 Rh5 49. Rxh4 Rxh4 50. Nxh4 Bh7 51. Nf3 Rg8 52. Ne1 Rg3 53.
Nxa4 Rxa3 54. Nc3 Ra1 55. Nc2 Rh1 56. Ne3 Rh4 57. Nc2 Rg4 58. Ne3 Rg5 59. Ne2
Bg6 60. Nc3 $11 60... Bh5 61. Nb1 Rg3 62. Nc3 Rg8 63. Nb1 Kg5 64. g3 Kf6 65.
Nf1 Bf3 66. Nbd2 Bg2 67. Kc3 Ke5 68. Kd3 Rg4 69. Ke3 Bxe4 70. Nxe4 Rxe4+ 71.
Kd3 Rd4+ 72. Kc3 Rd1 73. Nd2 Rc1+ 74. Kd3 Ra1 75. Nf3+ Kf5 76. Nd4+ Kg4 77. Ne6
Kxg3 78. Nxc7 $11 78... Kf4 79. Ne6+ Ke5 80. Nd8 Ra3+ 81. Kc2 Kd4 1/2-1/2